• 首页
  • 本馆介绍
  • 公告通知
  • 最新文献
  • 馆藏检索
  • 电子资源
  • 读者导购
  • 参考咨询
  • 我的图书馆
  • 登录
  • 详细信息显示
  • 放入我的书架
  • 预约/预借图书
  • 作者相关作品
  • 分类相关作品
  • 丛书相关作品
  • 出版社相关作品

书目信息

  • 表格格式
  • 工作单格式
  • 卡片格式
题名:
毛泽东评点的历代帝王
    
 
作者: 张弘 , 刘东 编著
分册:  
出版信息: 呼和浩特   远方出版社  2006.01
页数: 250页
开本: 21cm
丛书名: 文化经典评荐书系
单 册:
中图分类: A841.692 , K827=2
科图分类:
主题词: 毛泽东著作研究--帝王 , 帝王--人物研究--中国--古代
电子资源:
ISBN: 7-80723-084-3
000 00834nam0 2200277 450
001 012006000000
005 20070926085823.11
010    @a7-80723-084-3@dCNY30.00
100    @a20070509d2006 em y0chiy0110 ea
101 0  @achi
102    @aCN@b150000
105    @ay z 000yy
200 1  @a毛泽东评点的历代帝王@AMao Ze Dong Ping Dian De Li Dai Di Wang@f张弘,刘东编著@FZhang Hong , Liu Dong Bian Zhu
210    @a呼和浩特@c远方出版社@d2006.01
215    @a250页@d21cm
225 2  @a文化经典评荐书系
410  0 @12001 @a文化经典评荐书系
606 0  @a毛泽东著作研究@x帝王
606 0  @a帝王@x人物研究@y中国@z古代
690    @aA841.692@v4
690    @aK827=2@v4
701  0 @a张弘@AZhang Hong@4编著
701  0 @a刘东@ALiu Dong@4编著
801  0 @aCN@bBJSWSY@c20070926
905    @aBZT@dA841.692@e2
906    @dCNY30.00@n0@r1
    
    毛泽东评点的历代帝王/张弘,刘东编著.-呼和浩特:远方出版社,2006.01
    250页;21cm.-(文化经典评荐书系)
    
    
    ISBN 7-80723-084-3:CNY30.00
    
●
相关链接 在五车中查询图书 在当当中查询图书 在豆瓣中查询图书


正题名:毛泽东评点的历代帝王     索取号:A841.692/2         预约/预借

序号 登录号 条形码 馆藏地/架位号 状态 备注
1 586890   230160668   中心书库南/001架A面5层5列/ [索取号:A841.692/2] 在馆    
2 586891   230160669   中心书库南/001架A面5层5列/ [索取号:A841.692/2] 在馆    
3 586892   230160670   中心书库南/001架A面5层5列/ [索取号:A841.692/2] 在馆    
4 586893   230160671   中心书库南/001架A面5层5列/ [索取号:A841.692/2] 在馆    
5 586895   230160663   中心书库南/001架A面5层5列/ [索取号:A841.692/2] 在馆    
6 586896   230160664   中心书库南/001架A面5层5列/ [索取号:A841.692/2] 在馆    
7 586897   230160665   中心书库南/001架A面5层5列/ [索取号:A841.692/2] 在馆    
8 586898   230160666   中心书库南/001架A面5层5列/ [索取号:A841.692/2] 在馆    
9 586899   230160667   中心书库南/001架A面5层5列/ [索取号:A841.692/2] 在馆    
山东省滨州职业学院图书馆 欢迎您!
大连网信软件有限公司© 版权所有